000 00524nam a2200145Ia 4500
008 190925s9999 xx 000 0 und d
020 _a978-1-59184-244-6
100 _aSharp, Isadore
245 _cSharp, Isadore.--
_aFour Seasons :
_bthe story of a business philosophy /
260 _aAndover, Hampshire :
_bPortfolio
_c2009
300 _a275 pages :
_bblack & white pictures
500 _aIncludes acknowledgements, afterword, and index
650 _aFour Seasons Hotels & Resorts.
650 _aHotelkeepers -- Biography.
999 _c362196
_d362196